Krajina príbehov Čarovné zaklínadlo

Bibliographic Details
Main Author: Colfer, Chris, 1990- (Author)
Other Authors: Dorman, Brandon (Illustrator), Gálisová, Marína, 1972- (Translator)
Format: Book
Language:Slovak
English
PhysicalDescription:341 s. ilustr. 22 cm
Published: V Bratislave Fragment Albatros Media Slovakia 2016
ISBN:9788056401873
Edition:1. vyd.
Subjects:

MARC

LEADER 00000cam a2200000 a 4500
001 vtls011581244
003 SK-MaSNL
005 20260301041928.0
008 200316s2016 xo a c 000 f slo
015 |a SNBA2018/01 
020 |a 9788056401873  |q (viaz.) 
035 |a urn:nbn:sk:snk-am00dgjd 
035 |a urn:nbn:sk:snk-am3i1je 
035 |a B9B55C74-828D-4633-BE61-9772DC66FB7E 
040 |a SNK  |b slo  |c SNK  |e AACR2 
041 1 |a slo  |h eng 
044 |a xo  |c SK 
072 7 |a 821.111(73)-3  |x Americká próza  |2 konspekt 
072 7 |a 821-93  |x Literatúra pre deti a mládež (beletria)  |2 konspekt 
080 |a 821.111(73)-31  |2 2011 
080 |a 82-312.9  |2 2011 
080 |a 82-93-053.4/.5  |2 2011 
100 1 |a Colfer, Chris,  |d 1990-  |4 aut  |9 49365 
240 1 4 |a The land of stories 1: The wishing spell  |l Slovensky 
245 1 0 |a Krajina príbehov  |p Čarovné zaklínadlo  |c Chris Colfer ; ilustroval Brandon Dorman ; z anglického originálu preložila Marína Gálisová 
246 3 0 |a Čarovné zaklínadlo 
246 1 |i V tir. názov:  |a Krajina príbehov 1 - Čarovné zaklínadlo 
250 |a 1. vyd. 
260 |a V Bratislave  |b Fragment  |b Albatros Media Slovakia  |c 2016 
300 |a 341 s.  |b ilustr.  |c 22 cm 
500 |a Vydalo nakladateľstvo Fragment v Bratislave v spoločnosti Albatros Media Slovakia 
521 8 |a Pre čitateľov od 9 rokov 
655 7 |a americké romány  |2 SNKPH  |9 1174 
655 7 |a fantasy romány  |2 SNKPH  |9 121434 
655 7 |a literatúra pre deti  |2 SNKPH  |9 87135 
655 7 |a American fiction  |2 SNKPHeng  |9 281076 
655 7 |a Fantasy novels  |2 SNKPHeng  |9 248525 
655 7 |a Children's literature  |2 SNKPHeng  |9 276039 
700 1 |a Dorman, Brandon  |4 ill  |9 175512 
700 1 |a Gálisová, Marína,  |d 1972-  |4 trl  |9 12999 
752 |a Slovensko  |d Bratislava 
787 0 8 |i Zo série:  |t Krajina príbehov  |g 1 
852 |a Slovenská národná knižnica 
919 |a 978-80-564-0187-3 
954 |a beletria cudzojazyčná (svetová)  |2 lita 
958 |a LX 
958 |a UP 
958 |a DB 
968 |b ENG 
999 |c 589721  |d 591651 
952 |a SNK  |b SNK  |y PREZ  |7 0  |p 17A1274159  |o snkSC 176682/1  |i snk2017/23784  |8 0  |0 0  |1 0  |4 0  |d 2017-10-27  |f 1  |l 0  |r 2025-09-18 00:00:00  |w 2026-02-23 
952 |a SNK  |b SNK  |y PREZ  |7 0  |p 17A1274160  |o snkSC 176682/1 D1  |i snk2017/23785  |8 0  |0 0  |1 0  |4 0  |d 2017-10-27  |l 0  |r 2026-02-23 15:20:49  |w 2026-02-23